Investigación de la paternidad

Сохранить в:
Библиографические подробности
Главный автор: Valenzuela Estay, Eugenio (Автор)
Формат:
Язык:испанский
Опубликовано: Santiago Jurídica de Chile 1966
Серии:Seminario de Derecho Penal y Medicina Legal, 4
Предметы:
Метки: Добавить метку
Нет меток, Требуется 1-ая метка записи!

MARC

LEADER 00000nam a2200000 a 4500
001 UCT8808
003 CL-VaPUC
008 970326e19660000CL |||||||||||||||||spa|d
082 0 4 |a 346.017  |b VAL  |2 21 
100 0 |a Valenzuela Estay, Eugenio  |e author  |9 380899 
245 1 0 |a Investigación de la paternidad 
300 |a 125 p 
942 |c BK 
945 |d 19970326 00:00:00  |a paguirre 
260 |a Santiago  |b Jurídica de Chile  |c 1966 
650 0 |a Peternidad  |9 254922 
650 7 |a PATERNIDAD LEGITIMA  |2 CL-VaPUC  |9 380900 
650 7 |a MEDICINA LEGAL  |2 CL-VaPUC  |9 380901 
650 7 |a INVESTIGACION DE LA PATERNIDAD  |2 CL-VaPUC  |9 380902 
650 0 |a Filiación  |9 256647 
650 7 |a MATRIMONIO  |2 CL-VaPUC  |9 380903 
650 0 |a Derecho de familia  |9 255603 
583 |a last modification  |c 19970326 00:00:00  |k Rodrigo Vera 
490 0 |a Seminario de Derecho Penal y Medicina Legal, 4 
999 |c 257287  |d 257285 
952 |0 0  |1 0  |4 0  |6 346_017000000000000_VAL_1966  |7 0  |8 P  |9 280634  |a BIBDER  |b BIBDER  |d 2019-11-19  |i 1817906  |o 346.017 VAL 1966  |p 1817906  |r 2023-01-25  |w 2019-11-19  |y BK  |k DER